| 000 | 00769cam a2200253ua 4500 | ||
|---|---|---|---|
| 001 | z9bblp b1320374 | ||
| 003 | FLC | ||
| 005 | 20160913140823.0 | ||
| 008 | 000415s1982 nyua j 000 0 eng d | ||
| 010 | _a81013821 | ||
| 020 | _a0590632051 (paper) | ||
| 040 |
_aMDE _csjds |
||
| 041 | _aspa | ||
| 082 |
_219 _a574.5/43 |
||
| 100 | 1 | _aProvensen, Alice. | |
| 245 | 1 | 0 |
_aEl libro de las estaciones = _ba book of the seasons / _cAlice and Martin Provensen ; translated into Spanish by Pilar de Cuenca and In©♭s Alvarez. |
| 260 |
_aNew York : _bScholastic, _cc1982. |
||
| 300 | _a1 volume (unpaged) | ||
| 521 | _aRL1 004-007 | ||
| 650 | 0 |
_aSeasons _vJuvenile literature. |
|
| 700 | 1 | _aProvensen, Martin. | |
| 740 | 0 | 2 | _aBook of the seasons. |
| 942 |
_2ddc _cBK |
||
| 999 |
_c16199 _d16199 |
||